Most expensive football transfers - 2014-2015 Season - Statistics

General Stats
  • This quiz has been taken 56 times
  • The average score is 8 of 10
Answer Stats
Fee (M €) Nationality Left Joined Player % Correct
81,72 Uruguay Liverpool Barcelona Luis Suárez
100%
42,50 Chile Barcelona Arsenal Alexis Sánchez
96%
75,00 Argentina Real Madrid Manchester United Ángel Di María
91%
75,00 Colombia Monaco Real Madrid James Rodríguez
91%
38,00 Brazil / Spain Atlético Madrid Chelsea Diego Costa
87%
35,36 Belgium Chelsea Everton Romelu Lukaku
87%
49,50 Brazil Chelsea Paris SG David Luiz
82%
37,50 England Southampton Manchester United Luke Shaw
69%
45,00 France FC Porto Manchester City Eliaquim Mangala
62%
36,00 Spain Athletic Manchester United Ander Herrera
60%
No matching quizzes found
Score Distribution
Percent of People with Each Score
Percentile by Number Answered
Your Score History
You have not taken this quiz